| 000 | 00468nam a2200145 a 4500 | ||
|---|---|---|---|
| 001 | 286 | ||
| 003 | CDMR | ||
| 005 | 20151016131202.0 | ||
| 008 | 130130s1925||||||||||||||||||||||||||||d | ||
| 040 |
_aCDMR _bcat _cCDMR |
||
| 110 | 2 |
_9208 _aAsociación de la Prensa Diaria de Barcelona |
|
| 245 | 1 | 0 |
_aAsociación de la Prensa Diaria de Barcelona _b: Estatutos, Reglamento de su Montepío, Lista de Socios |
| 260 |
_aBarcelona _c1925 _bTalleres Gráficos Núñez |
||
| 942 |
_cMON _2udc |
||
| 999 |
_c286 _d286 |
||